000 00996nam a2200289Ia 4500
001 Z_2174
003 CHAP
008 220113s1995 xx 000 0 und d
010 _a165230
040 _cCHAP
090 _aTesis L 991
100 _aLópez Guerrero, Isaías
_967948
245 _aEfecto del período de descanso sobre el rendimiento, la estructura y la utilización de una pradera de zacate ovillo (Dactylis glomerata) var. Potomac, asociada con alfalfa (Medicago sativa) var. Valenciana (cuarta fase) /
_cpor Isaías López Guerrero
260 _aChapingo, Méx. :
_bEl autor,
_c1995
300 _a109 h.
502 _aTesis (Maestro en Ciencias Especialista en Producción Animal) -- UACH. Departamento de Zootecnia
650 _aAlfalfa
_93847
650 _aDactylis glomerata
_930865
650 _aPraderas
_991230
650 _aSiembra múltiple
_9137616
901 _aTESIS L 991
902 _aM
910 _a1995
942 _c2
942 _c2
999 _c165230
_d165230